Quan hệ bang giao và các sứ thần tiêu biểu trong lịch sử Việt Nam

Nêu lên những quan hệ bang giao của các triều đại phong kiến Việt Nam với các nước Trung Quốc, Chămpa, Ai Lao..., miêu tả các cách ứng xử ngoại giao đĩnh đạc, tự tin và tinh tế của các vương triều Việt Nam nhằm thể hiện tính độc lập, tự to...

ver descrição completa

Na minha lista:
Detalhes bibliográficos
Outros Autores: Nhóm Trí thức Việt
Formato: Livro
Idioma:Undetermined
Publicado em: H. Thời đại 2014
Assuntos:
Acesso em linha:http://lrc.tdmu.edu.vn/opac/search/detail.asp?aID=2&ID=22721
Tags: Adicionar Tag
Sem tags, seja o primeiro a adicionar uma tag!
Thư viện lưu trữ: Trung tâm Học liệu Trường Đại học Thủ Dầu Một
LEADER 01178nam a2200205Ia 4500
001 TDMU_22721
008 210410s9999 xx 000 0 und d
082 |a 327.597051 
090 |b QU105 
245 0 |a Quan hệ bang giao và các sứ thần tiêu biểu trong lịch sử Việt Nam 
245 0 |c Nhóm Trí thức Việt biên soạn 
260 |a H. 
260 |b Thời đại 
260 |c 2014 
300 |a 211tr. 
520 |a Nêu lên những quan hệ bang giao của các triều đại phong kiến Việt Nam với các nước Trung Quốc, Chămpa, Ai Lao..., miêu tả các cách ứng xử ngoại giao đĩnh đạc, tự tin và tinh tế của các vương triều Việt Nam nhằm thể hiện tính độc lập, tự tôn, có văn hóa với các sứ giả nước người... 
650 |a Quan hệ ngoại giao  |x Lịch sử  |z Việt Nam  |z Trung Quốc 
700 |a Nhóm Trí thức Việt 
856 |u http://lrc.tdmu.edu.vn/opac/search/detail.asp?aID=2&ID=22721 
980 |a Trung tâm Học liệu Trường Đại học Thủ Dầu Một